Nature and scope [of agricultural economics]. (Record no. 84846)

MARC details
000 -LEADER
fixed length control field 00717cam a22002171 4500
001 - CONTROL NUMBER
control field sa 68012969
003 - CONTROL NUMBER IDENTIFIER
control field DLC
005 - DATE AND TIME OF LATEST TRANSACTION
control field 20260227112617.0
008 - FIXED-LENGTH DATA ELEMENTS--GENERAL INFORMATION
fixed length control field 711115s1950 ii b 000 0 eng
010 ## - LIBRARY OF CONGRESS CONTROL NUMBER
LC control number sa 68012969
040 ## - CATALOGING SOURCE
Original cataloging agency DLC
Transcribing agency DLC
Modifying agency DLC
050 00 - LIBRARY OF CONGRESS CALL NUMBER
Classification number HD1411
Item number .I3816
110 2# - MAIN ENTRY--CORPORATE NAME
Corporate name or jurisdiction name as entry element Indian Society of Agricultural Economics.
245 10 - TITLE STATEMENT
Title Nature and scope [of agricultural economics].
260 ## - PUBLICATION, DISTRIBUTION, ETC.
Place of publication, distribution, etc. Bombay
Date of publication, distribution, etc. [foreword 1950]
300 ## - PHYSICAL DESCRIPTION
Extent 159, [1] p.
Dimensions 25 cm.
490 1# - SERIES STATEMENT
Series statement Its Readings in agricultural economics, 1
504 ## - BIBLIOGRAPHY, ETC. NOTE
Bibliography, etc. note Bibliographical footnotes.
650 #0 - SUBJECT ADDED ENTRY--TOPICAL TERM
Topical term or geographic name entry element Agriculture
General subdivision Economic aspects.
810 2# - SERIES ADDED ENTRY--CORPORATE NAME
Corporate name or jurisdiction name as entry element Indian Society of Agricultural Economics.
Title of a work Readings in agricultural economics series,
Volume/sequential designation 1

No items available.

Powered by Koha